000 00833nam a2200253 a 4500
999 _c6836
_d6836
001 6836
003 BD-JhCC
005 20180304174432.0
008 180130s1997 b ||||| |||| 00| 0 ben d
020 _a9844100704
035 _a(BD-JhCC)
040 _aBD-JhCC
_dBD-JhCC
041 _aben
082 _a954
_bGAN 1997
245 _aগঙ্গার পানি চুক্তি প্রেক্ষিত ও সম্ভাবনা /
_cতারেক শামসুর রেহমান
260 _aঢাকা :
_bমাওলা ব্রাদার্স,
_c১৯৯৭
300 _a101 p. :
_c22cm.
650 _aBangladesh
650 _aDiplomatic relations
651 _xForeing relations
_zIndia
700 _aরেহমান, তারেক শামসুর
942 _2ddc
_cBK